• 首页
  • 本馆介绍
  • 公告通知
  • 最新文献
  • 馆藏检索
  • 电子资源
  • 读者导购
  • 参考咨询
  • 我的图书馆
  • 登录
  • 详细信息显示
  • 放入我的书架
  • 预约/预借图书
  • 作者相关作品
  • 分类相关作品
  • 丛书相关作品
  • 出版社相关作品

书目信息

  • 表格格式
  • 工作单格式
  • 卡片格式
题名:
现代蔬菜生产技术全书
    
 
作者: 范双喜 主编
分册:  
出版信息: 北京   中国农业出版社  2004
页数: 13,682页
开本: 20cm
丛书名:
单 册:
中图分类: S63
科图分类:
主题词: 蔬菜--栽培
电子资源:
ISBN: 7-109-08413-2
000 01245nam0 2200361 450
000 01208nam0 2200349 450
000 01173nam0 2200337 450
000 01136nam0 2200325 450
000 01117nam0 2200325 450
000 01080nam0 2200313 450
000 01098nam0 2200301 450
000 01061nam0 2200289 45
001 TS2006001228
005 20061209104054.82
010    @a7-109-08413-2@dCNY48.00
092    @aCN@bTS01-001329
100    @a20060829d2004 em y0chiy0120 ea
101 0  @achi
102    @aCN@b110000
105    @aa a 000yy
200 1  @a现代蔬菜生产技术全书@AXian Dai Shu Cai Sheng Chan Ji Shu Quan Shu@f范双喜主编@FFan Shuang Xi Zhu Bian
210    @a北京@c中国农业出版社@d2004
215    @a13,682页@c彩图@d20cm
300    @a北京科普创作出版专项资金资助
320    @a有书目: (681-682页)
330    @a本书系统地介绍了蔬菜生产基本知识、生产基本技术、主要病虫害症状,并对14类蔬菜品种进行特征特性、环境要求、培育栽培等的详细阐述。
606 0  @a蔬菜@x栽培
690    @aS63@v4
701  0 @a范双喜@AFan Shuang Xi@4主编
801  0 @aCN@b中图数据@c20061209
905    @a10447@dS63@e144
    
    现代蔬菜生产技术全书/范双喜主编.-北京:中国农业出版社,2004
    13,682页:彩图;20cm
    北京科普创作出版专项资金资助
    
    ISBN 7-109-08413-2:CNY48.00
    本书系统地介绍了蔬菜生产基本知识、生产基本技术、主要病虫害症状,并对14类蔬菜品种进行特征特性、环境要求、培育栽培等的详细阐述。
●
相关链接 在E读中查询图书 在五车中查询图书 在当当中查询图书 在豆瓣中查询图书


正题名:现代蔬菜生产技术全书     索取号:S63/144         预约/预借

序号 登录号 条形码 馆藏地/架位号 状态 备注
1 0610430   206104302   第二样本阅览室/ [索取号:S63/144] 在馆    
2 0610431   206104311   第三借阅区/ [索取号:S63/144] 在馆    
3 0610432   206104320   第三借阅区/ [索取号:S63/144] 在馆    
4 0610433   206104339   第三借阅区/ [索取号:S63/144] 在馆    
5 0610436   206104366   第三借阅区/ [索取号:S63/144] 在馆    
唐山师范学院图书馆 欢迎您!
大连网信软件有限公司© 版权所有